عظماء قادة الأديان / (Record no. 16233)
[ view plain ]
| 000 -الفاتح | |
|---|---|
| حقل البيانات ثابتة الطول | 00772nam a22001817a 4500 |
| 008 - عناصر البيانات ثابتة الطول - معلومات عامة | |
| حقل البيانات ثابتة الطول | 111120s1991 ua|||||r|||| 000 0cara d |
| 020 ## - الرقم الدولى المعيارى للكتب | |
| الرقم الدولى المعيارى للكتاب | 9775070007 |
| 082 ## - رقم تصنيف ديوى العشرى | |
| رقم الطبعة | 22 |
| رقم التصنيف | 291..64 |
| رقم المادة | ش ل ب |
| 100 ## - المدخل الرئيسى - إسم شخصى | |
| 9 (RLIN) | 27788 |
| الإسم الشخصى | شلبي ، عبد الجليل |
| 245 ## - بيان العنوان | |
| العنوان | عظماء قادة الأديان / |
| بيان المسئوليه,etc | عبد الجليل شلبي |
| 260 ## - PUBLICATION, DISTRIBUTION, ETC. (IMPRINT) | |
| مكان الناشر او الموزع | القاهرة : |
| اسم الناشر او الموزع | مؤسسة الخليج العربي، 1991 |
| تاريخ النشر أو التوزيع | 1991 |
| 300 ## - الوصف المادى | |
| التعداد | 419 ص ؛ |
| أبعاد الوعاء | 24 سم |
| 650 ## - المدخل الاضافى بالموضوع-مصطلح موضوعى | |
| 9 (RLIN) | 27799 |
| مصطلح موضوعي أو اسم جغرافي كعنصر مدخل | المصلحون (ديانات مقارنة) |
| 650 ## - المدخل الاضافى بالموضوع-مصطلح موضوعى | |
| 9 (RLIN) | 27800 |
| مصطلح موضوعي أو اسم جغرافي كعنصر مدخل | الدعاة (ديانات مقارنة) |
| 653 ## - مصطلح تكشيفى غير مقيد | |
| Resource For college | |
| Arrived date list | November2011 |
| 942 ## - عناصر المدخل الإضافي( كوها) | |
| مصدر التصنيف او مخطط الترفيف | Dewey Decimal Classification |
| Koha [default] item type | Book - Borrowing |
| حالة التراجع | حالة الفقد | مصدر التصنيف او خطة الترفيف | حالة تلف | ليس للاعارة | مجموعات كوها | المكان الدائم | المكان الحالي | موقع الترفيف | تاريخ الاكتساب | رقم الاستدعاء | الباركود | Date last seen | نوع الوعاء |
|---|---|---|---|---|---|---|---|---|---|---|---|---|---|
| Dewey Decimal Classification | Alef-Baa | Central Library | Central Library | Lower Floor | 20/11/2011 | 291..64 ش ل ب | 000025686 | 15/07/2025 | Book - Borrowing |